[Event "Grozny Kadyrov Memorial rapid"]
[Site "Grozny"]
[Date "2019.06.10"]
[Round "8"]
[White "Rozhko, Dmitry"]
[Black "Ilaldaev, Rustam"]
[Result "1-0"]
[WhiteElo "2305"]
[BlackElo "1898"]
[PlyCount "109"]
[EventDate "2019.06.09"]
[EventType "swiss (rapid)"]
[EventRounds "11"]
[EventCountry "RUS"]
[SourceTitle "CBM 190 Extra"]
[Source "ChessBase"]
[SourceDate "2019.07.15"]
[SourceVersion "1"]
[SourceVersionDate "2019.07.15"]
[SourceQuality "1"]

1. d4 Nf6 2. Nf3 e6 3. Bf4 c5 4. c3 Nc6 5. e3 Nh5 6. Bg3 Nxg3 7. hxg3 Qb6 8. Qb3 d5 9. Nbd2 Bd7 10. Be2 Rc8 11. g4 cxd4 12. exd4 Bd6 13. Bd3 g6 14. Qxb6 axb6 15. g5 Kf8 16. Nf1 Kg7 17. Ne3 h6 18. gxh6+ Rxh6 19. Rxh6 Kxh6 20. Ke2 Kg7 21. Rh1 Rh8 22. Rxh8 Kxh8 23. Ng4 Kg7 24. Nge5 Be8 25. Ng4 f6 26. Ne3 Bf7 27. g4 e5 28. Bb5 e4 29. Nh4 Kh6 30. Nhf5+ gxf5 31. Nxf5+ Kg5 32. Nxd6 Be6 33. Nxb7 Bxg4+ 34. Ke3 Ne7 35. a4 f5 36. b4 f4+ 37. Kd2 Nf5 38. a5 e3+ 39. fxe3 fxe3+ 40. Kc2 bxa5 41. bxa5 Ne7 42. a6 Nc8 43. Nd6 Na7 44. Be8 Be2 45. Bf7 Bxa6 46. Bxd5 Bf1 47. c4 Kf4 48. Kd1 Bh3 49. Ke1 Bg4 50. c5 Kg5 51. c6 Kf6 52. Nc4 e2 53. Ne5 Bh5 54. c7 Ke7 55. Nc6+ 1-0

[Event "Grozny Kadyrov Memorial rapid"]
[Site "Grozny"]
[Date "2019.06.10"]
[Round "9"]
[White "Sargsyan, Anatoly"]
[Black "Rozhko, Dmitry"]
[Result "0-1"]
[WhiteElo "2034"]
[BlackElo "2305"]
[PlyCount "138"]
[EventDate "2019.06.09"]
[EventType "swiss (rapid)"]
[EventRounds "11"]
[EventCountry "RUS"]
[SourceTitle "CBM 190 Extra"]
[Source "ChessBase"]
[SourceDate "2019.07.15"]
[SourceVersion "1"]
[SourceVersionDate "2019.07.15"]
[SourceQuality "1"]

1. c4 c6 2. d4 d5 3. Nf3 Nf6 4. Nc3 a6 5. c5 Bf5 6. Bf4 Nbd7 7. h3 h6 8. e3 g5 9. Bh2 Bg7 10. Be2 0-0 11. 0-0 Ne4 12. Nxe4 dxe4 13. Nd2 e5 14. Nc4 exd4 15. Nd6 Be6 16. Nxb7 Qf6 17. exd4 Qxd4 18. Qxd4 Bxd4 19. Rad1 Bxb2 20. Bg4 f5 21. Rd6 Kf7 22. Bh5+ Ke7 23. Rxc6 Be5 24. Bxe5 Nxe5 25. Rc7+ Kf6 26. Rh7 Rh8 27. Rxh8 Rxh8 28. Be2 a5 29. a3 Rb8 30. Nxa5 Ra8 31. Nb7 Rxa3 32. Rc1 Bd5 33. Nd6 Ra2 34. Bb5 e3 35. f3 Bxf3 36. c6 Rxg2+ 37. Kf1 Rf2+ 38. Ke1 Bd5 39. Be2 Bxc6 40. Rc3 f4 41. Rxc6 Nxc6 42. Ne4+ Ke5 43. Nxf2 exf2+ 44. Kxf2 Nd4 45. Bg4 Ke4 46. Bh5 Ne6 47. Bg6+ Ke5 48. Kf3 Kf6 49. Bh5 Ng7 50. Bg4 h5 51. Bc8 Ke5 52. Bd7 Nf5 53. Be8 Nd4+ 54. Kf2 h4 55. Bd7 Kd5 56. Bc8 Kd6 57. Bg4 Nc6 58. Bf5 Ne5 59. Be4 Ke7 60. Bb7 Kf6 61. Bc8 g4 62. hxg4 Kg5 63. Kg2 Nxg4 64. Kf3 Ne5+ 65. Ke4 Ng4 66. Kf3 h3 67. Be6 h2 68. Kg2 f3+ 69. Kh1 Kf4 0-1

[Event "RUS-chT blitz"]
[Site "Sochi"]
[Date "2018.10.10"]
[Round "9.5"]
[White "Rakhmanov, Alexander"]
[Black "Rozhko, Dmitry"]
[Result "1-0"]
[WhiteElo "2634"]
[BlackElo "2305"]
[PlyCount "57"]
[EventDate "2018.10.10"]
[EventType "team-swiss (blitz)"]
[EventRounds "15"]
[EventCountry "RUS"]
[SourceTitle "CBM 186 Extra"]
[Source "ChessBase"]
[SourceDate "2018.08.24"]
[SourceVersion "1"]
[SourceVersionDate "2018.08.24"]
[SourceQuality "1"]
[WhiteTeam "Vologodsk Region"]
[BlackTeam "Stavropol Region"]
[WhiteTeamCountry "RUS"]
[BlackTeamCountry "RUS"]

1. c4 c6 2. d4 d5 3. cxd5 cxd5 4. Bf4 Nc6 5. e3 Nf6 6. Nc3 Bf5 7. Qb3 Qb6 8. Bb5 e6 9. Nf3 Be7 10. Ne5 Rc8 11. 0-0 0-0 12. Na4 Qa5 13. Bxc6 bxc6 14. Rfc1 Qb5 15. Nxc6 Qxc6 16. Rxc6 Rxc6 17. Qb7 Rfc8 18. e4 Nxe4 19. Qxe7 Rc2 20. Rf1 h6 21. Qxa7 g5 22. Be3 Nd6 23. Nc5 Rxb2 24. Qd7 Rb6 25. a4 Ra8 26. a5 Rxa5 27. Qd8+ Kg7 28. Qxb6 Ra2 29. Qxd6 1-0

[Event "RUS-chT2"]
[Site "Sochi"]
[Date "2018.05.04"]
[Round "4.3"]
[White "Rozhko, Dmitry"]
[Black "Yeritsyan, Aram"]
[Result "1/2-1/2"]
[WhiteElo "2305"]
[BlackElo "2332"]
[PlyCount "97"]
[EventDate "2018.05.01"]
[EventType "team-swiss"]
[EventRounds "9"]
[EventCountry "RUS"]
[SourceTitle "CBM 184 Extra"]
[Source "ChessBase"]
[SourceDate "2018.06.28"]
[SourceVersion "1"]
[SourceVersionDate "2018.06.28"]
[SourceQuality "1"]
[WhiteTeam "Stavropol Region"]
[BlackTeam "Moscow Dystache"]
[WhiteTeamCountry "RUS"]
[BlackTeamCountry "RUS"]

1. e4 e5 2. Nf3 Nc6 3. Nc3 Nf6 4. d4 exd4 5. Nxd4 Bb4 6. Nxc6 bxc6 7. Bd3 d5 8. exd5 cxd5 9. 0-0 0-0 10. h3 c6 11. Qf3 Re8 12. Bf4 Bd6 13. Rfe1 Be6 14. Ne2 Qb8 15. b3 a5 16. Rad1 a4 17. Qg3 Nh5 18. Bxd6 Nxg3 19. Bxb8 Nxe2+ 20. Rxe2 Raxb8 21. f4 c5 22. f5 Bd7 23. Rxe8+ Bxe8 24. Be2 d4 25. Kf2 Kf8 26. Re1 f6 27. Bc4 Bf7 28. Bxf7 Kxf7 29. Ke2 axb3 30. axb3 Ke7 31. Kd3+ Kd6 32. Re6+ Kd5 33. Re7 g5 34. Rxh7 Re8 35. Rd7+ Kc6 36. Rf7 Re3+ 37. Kd2 Rg3 38. Rxf6+ Kd5 39. Re6 Rxg2+ 40. Re2 Rg3 41. Rf2 Rxh3 42. f6 Rh8 43. f7 Rf8 44. Rf5+ Ke4 45. Rxg5 Rxf7 46. Rxc5 Rf2+ 47. Ke1 Rh2 48. Rc8 d3 49. cxd3+ 1/2-1/2

[Event "RUS-chT blitz"]
[Site "Sochi"]
[Date "2017.10.05"]
[Round "1"]
[White "Iljiushenok, Ilia"]
[Black "Rozhko, Dmitry"]
[Result "1-0"]
[WhiteElo "2519"]
[BlackElo "2311"]
[PlyCount "59"]
[EventDate "2017.10.05"]
[EventType "team-swiss (blitz)"]
[EventRounds "15"]
[EventCountry "RUS"]
[SourceTitle "CBM 181 Extra"]
[Source "ChessBase"]
[SourceDate "2017.12.12"]
[SourceVersion "1"]
[SourceVersionDate "2017.12.12"]
[SourceQuality "1"]
[WhiteTeam "Khanty Mansyisk Yugra"]
[BlackTeam "Stavropol Region"]
[WhiteTeamCountry "RUS"]
[BlackTeamCountry "RUS"]

1. e4 e6 2. d4 d5 3. e5 c5 4. c3 Qb6 5. Nf3 Bd7 6. a3 Nc6 7. b4 cxd4 8. cxd4 Rc8 9. Be3 Nh6 10. Bd3 Ng4 11. 0-0 Be7 12. Nbd2 Nxe3 13. fxe3 0-0 14. Nb3 Qd8 15. Nc5 b6 16. Nxd7 Qxd7 17. Rc1 Nb8 18. Rc2 h6 19. h4 a5 20. bxa5 bxa5 21. a4 Rxc2 22. Bxc2 f5 23. exf6 Rxf6 24. Ne5 Rxf1+ 25. Qxf1 Qe8 26. Bg6 Qf8 27. Bf7+ Kh7 28. Qd3+ g6 29. Qxg6+ Kh8 30. Bxe6 1-0

[Event "RUS-chT blitz"]
[Site "Sochi"]
[Date "2017.10.05"]
[Round "14"]
[White "Rozhko, Dmitry"]
[Black "Riazantsev, Alexander"]
[Result "1/2-1/2"]
[WhiteElo "2311"]
[BlackElo "2666"]
[PlyCount "73"]
[EventDate "2017.10.05"]
[EventType "team-swiss (blitz)"]
[EventRounds "15"]
[EventCountry "RUS"]
[SourceTitle "CBM 181 Extra"]
[Source "ChessBase"]
[SourceDate "2017.12.12"]
[SourceVersion "1"]
[SourceVersionDate "2017.12.12"]
[SourceQuality "1"]
[WhiteTeam "Stavropol Region"]
[BlackTeam "Urals Sima Land"]
[WhiteTeamCountry "RUS"]
[BlackTeamCountry "RUS"]

1. e4 c6 2. d4 d5 3. exd5 cxd5 4. Bd3 Nc6 5. c3 e6 6. Nf3 Bd6 7. 0-0 Nge7 8. Bg5 f6 9. Bh4 g5 10. Bg3 h5 11. Bxd6 Qxd6 12. Nbd2 Bd7 13. b4 h4 14. a4 Kf7 15. Ne1 Ng6 16. Bxg6+ Kxg6 17. Nd3 e5 18. dxe5 fxe5 19. Nc5 b6 20. Nxd7 Qxd7 21. Qc2+ Qf5 22. Qxf5+ Kxf5 23. a5 b5 24. Nb3 Rac8 25. Nc5 d4 26. cxd4 Nxd4 27. Rad1 h3 28. Rfe1 hxg2 29. Kxg2 Rh4 30. Nd3 e4 31. Nc5 Nf3 32. Rd5+ Kg6 33. Rxe4 Rxe4 34. Nxe4 g4 35. Kg3 Rc4 36. Nd6 Rxb4 37. Rxb5 1/2-1/2

[Event "RUS-chT rapid"]
[Site "Sochi"]
[Date "2017.10.03"]
[Round "5.3"]
[White "Popov, Mikhail"]
[Black "Rozhko, Dmitry"]
[Result "0-1"]
[WhiteElo "2416"]
[BlackElo "2311"]
[PlyCount "140"]
[EventDate "2017.10.03"]
[EventType "team-swiss (rapid)"]
[EventRounds "9"]
[EventCountry "RUS"]
[SourceTitle "EXT 2018"]
[Source "ChessBase"]
[SourceDate "2017.10.13"]
[SourceVersion "1"]
[SourceVersionDate "2017.10.13"]
[SourceQuality "1"]
[WhiteTeam "Moscow Gogol Mogol"]
[BlackTeam "Stavropol Region"]
[WhiteTeamCountry "RUS"]
[BlackTeamCountry "RUS"]

1. c4 c6 2. Nf3 d5 3. d4 Nf6 4. Nc3 g6 5. Bf4 Bg7 6. e3 0-0 7. h3 Be6 8. Ng5 Bf5 9. Qb3 Qb6 10. c5 Qxb3 11. axb3 h6 12. Nf3 g5 13. Bh2 Nbd7 14. b4 a6 15. g4 Bh7 16. Nd2 e5 17. dxe5 Ne4 18. Ncxe4 dxe4 19. Nc4 Rae8 20. Rd1 Nxe5 21. Nxe5 Bxe5 22. Bxe5 Rxe5 23. Rd7 a5 24. Rxb7 axb4 25. Bc4 Rxc5 26. b3 Ra5 27. 0-0 c5 28. Rd1 Bg6 29. Rc7 Kg7 30. Rd5 Kf6 31. Rcxc5 Rxc5 32. Rxc5 Rb8 33. Rc7 h5 34. gxh5 Bxh5 35. Kg2 Rb6 36. Kg3 Kg7 37. h4 gxh4+ 38. Kxh4 Bg6 39. Kg3 Kf8 40. Ra7 Kg7 41. Ra4 Kh6 42. Kf4 Rf6+ 43. Ke5 Rxf2 44. Rxb4 Kg5 45. Rb8 Rd2 46. b4 f6+ 47. Ke6 Bf5+ 48. Kf7 Rd7+ 49. Kg8 Rc7 50. Bf7 Bg6 51. Bd5 Rd7 52. Bc6 Rd3 53. b5 Rxe3 54. b6 Rc3 55. Bb5 Rb3 56. Bc4 Rb4 57. Be2 Rb2 58. Bc4 e3 59. b7 Be4 60. Re8 Bxb7 61. Rxe3 f5 62. Kf7 f4 63. Re1 f3 64. Ke6 Kf4 65. Bf1 Be4 66. Kd6 Rd2+ 67. Kc5 Bd3 68. Bh3 Kg3 69. Kd4 Kxh3 70. Ke3 Re2+ 0-1

[Event "RUS-chT rapid"]
[Site "Sochi"]
[Date "2017.10.03"]
[Round "4.3"]
[White "Rozhko, Dmitry"]
[Black "Moiseenko, Vadim"]
[Result "1/2-1/2"]
[WhiteElo "2311"]
[BlackElo "2543"]
[PlyCount "79"]
[EventDate "2017.10.03"]
[EventType "team-swiss (rapid)"]
[EventRounds "9"]
[EventCountry "RUS"]
[SourceTitle "EXT 2018"]
[Source "ChessBase"]
[SourceDate "2017.10.13"]
[SourceVersion "1"]
[SourceVersionDate "2017.10.13"]
[SourceQuality "1"]
[WhiteTeam "Stavropol Region"]
[BlackTeam "Vologda Region"]
[WhiteTeamCountry "RUS"]
[BlackTeamCountry "RUS"]

1. e4 c5 2. c3 d5 3. exd5 Qxd5 4. d4 Nc6 5. Nf3 cxd4 6. cxd4 e5 7. Nc3 Bb4 8. Be2 exd4 9. 0-0 Qd8 10. Nb5 Nge7 11. Nbxd4 0-0 12. Nxc6 Nxc6 13. Be3 Be6 14. Nd4 Nxd4 15. Qxd4 Qe7 16. a3 Bd6 17. Bf3 Rfd8 18. Qe4 Rd7 19. Rfd1 a6 20. Bf4 Bxf4 21. Qxf4 Rad8 22. Rxd7 Qxd7 23. h3 Qe7 24. Rc1 b5 25. Rc7 Qd6 26. Qxd6 Rxd6 27. Rc6 Rxc6 28. Bxc6 Kf8 29. f4 Ke7 30. Kf2 Kd6 31. Bb7 a5 32. Be4 h6 33. b4 axb4 34. axb4 Bd5 35. Ke3 Bxe4 36. Kxe4 g6 37. g4 f6 38. h4 Ke6 39. Kd4 Kd6 40. Ke4 1/2-1/2

[Event "RUS-ch rapid"]
[Site "Sochi"]
[Date "2017.09.30"]
[Round "5"]
[White "Smagin, Sergey"]
[Black "Rozhko, Dmitry"]
[Result "1-0"]
[WhiteElo "2551"]
[BlackElo "2327"]
[PlyCount "117"]
[EventDate "2017.09.30"]
[EventType "swiss (rapid)"]
[EventRounds "11"]
[EventCountry "RUS"]
[SourceTitle "EXT 2018"]
[Source "ChessBase"]
[SourceDate "2017.10.13"]
[SourceVersion "1"]
[SourceVersionDate "2017.10.13"]
[SourceQuality "1"]

1. e4 e6 2. d4 d5 3. Nd2 dxe4 4. Nxe4 Bd7 5. Nf3 Bc6 6. Bd3 Nd7 7. 0-0 Ngf6 8. Qe2 Nxe4 9. Bxe4 Bxe4 10. Qxe4 c6 11. Qe2 Be7 12. Rd1 0-0 13. c4 Re8 14. Bf4 Qa5 15. h3 b5 16. c5 Nf6 17. Ne5 Rac8 18. Qf3 Qa6 19. a4 bxa4 20. b3 a3 21. Bc1 Red8 22. Rxa3 Qb7 23. Be3 Rd5 24. Rc1 Bd8 25. Nc4 Bc7 26. Rca1 a5 27. g4 h6 28. Qe2 e5 29. dxe5 Bxe5 30. Nxa5 Qd7 31. Rc1 h5 32. Nc4 Bc7 33. Nb6 Bxb6 34. cxb6 hxg4 35. Ra7 Qe6 36. b7 Rb8 37. Ra8 Rdd8 38. Rca1 gxh3 39. Rxb8 Rxb8 40. Ra8 Nd7 41. Qf3 Kh7 42. Qh5+ Kg8 43. Qf3 Kh7 44. Qg3 Qg6 45. Qxg6+ Kxg6 46. Rxb8 Nxb8 47. Kh2 Kf5 48. Kxh3 Ke4 49. Ba7 Nd7 50. b8Q Nxb8 51. Bxb8 Kf3 52. Ba7 g5 53. Kh2 f5 54. Kg1 Ke2 55. Kg2 Kd3 56. b4 Ke2 57. Bc5 f4 58. f3 Ke1 59. Kh3 1-0

[Event "Poti op 12th"]
[Site "Poti"]
[Date "2017.07.15"]
[Round "2"]
[White "Lorparizangeneh, Shahin"]
[Black "Rozhko, Dmitry"]
[Result "1-0"]
[WhiteElo "2516"]
[BlackElo "2337"]
[PlyCount "107"]
[EventDate "2017.07.14"]
[EventType "swiss"]
[EventRounds "9"]
[EventCountry "GEO"]
[SourceTitle "CBM 179 Extra"]
[Source "ChessBase"]
[SourceDate "2017.08.23"]
[SourceVersion "1"]
[SourceVersionDate "2017.08.23"]
[SourceQuality "1"]

1. Nf3 d5 2. g3 Nf6 3. Bg2 c6 4. 0-0 Bg4 5. h3 Bxf3 6. Bxf3 Nbd7 7. d3 e5 8. e4 dxe4 9. dxe4 Bc5 10. a4 a5 11. Nd2 0-0 12. Nc4 Qc7 13. Bd2 Bb4 14. Bxb4 axb4 15. Qd2 c5 16. Qd6 Rfc8 17. Rfd1 h5 18. Bxh5 b5 19. axb5 Rxa1 20. Rxa1 Nxh5 21. Qxc7 Rxc7 22. Ra8+ Kh7 23. b6 Rb7 24. Ra7 Nxb6 25. Rxb7 Nxc4 26. Rc7 Nxb2 27. Rxc5 Nf6 28. f3 Na4 29. Rxe5 Nc3 30. Kf2 Kg6 31. Ke3 Nh5 32. g4 Ng3 33. f4 f6 34. Re7 Kh6 35. h4 Kh7 36. f5 Kg8 37. Re6 Nf1+ 38. Kd3 Nh2 39. g5 Ng4 40. Kd4 Ne2+ 41. Kc5 Ne5 42. Kxb4 Nd4 43. Re8+ Kf7 44. Rc8 fxg5 45. hxg5 g6 46. Kc5 Nef3 47. Rc7+ Kf8 48. Kd5 gxf5 49. g6 Kg8 50. c3 Ne2 51. exf5 Nh4 52. Ke6 Ng3 53. Rc8+ Kg7 54. f6+ 1-0

[Event "Poti op 12th"]
[Site "Poti"]
[Date "2017.07.14"]
[Round "1"]
[White "Rozhko, Dmitry"]
[Black "Atabayeva, Gozel"]
[Result "1-0"]
[WhiteElo "2337"]
[BlackElo "2004"]
[PlyCount "87"]
[EventDate "2017.07.14"]
[EventType "swiss"]
[EventRounds "9"]
[EventCountry "GEO"]
[SourceTitle "CBM 179 Extra"]
[Source "ChessBase"]
[SourceDate "2017.08.23"]
[SourceVersion "1"]
[SourceVersionDate "2017.08.23"]
[SourceQuality "1"]

1. e4 c5 2. c3 Nf6 3. e5 Nd5 4. Nf3 Nc6 5. Bc4 Nb6 6. Bb3 d6 7. exd6 Qxd6 8. 0-0 Bf5 9. d4 e6 10. Na3 cxd4 11. Nb5 Qd7 12. Nbxd4 Bg4 13. h3 Nxd4 14. hxg4 Nxb3 15. Qxb3 Qc7 16. Be3 Be7 17. Qb5+ Nd7 18. Rad1 a6 19. Qa4 Rd8 20. Bf4 Qc8 21. Ne5 b5 22. Qe4 Nxe5 23. Rxd8+ Qxd8 24. Bxe5 0-0 25. c4 Qa5 26. cxb5 axb5 27. Qb7 Bc5 28. Bc7 Qb4 29. b3 h6 30. a4 Qxb3 31. axb5 Qa4 32. Qc6 Qd4 33. b6 Kh7 34. b7 Ba7 35. Qd6 Qxd6 36. Bxd6 Rg8 37. Bc7 Bb8 38. Rc1 Kg6 39. Bb6 f5 40. Rc8 Kh7 41. gxf5 exf5 42. Kf1 g5 43. Bc7 Ba7 44. Ra8 1-0

[Event "EU-ch rapid"]
[Site "Tallinn"]
[Date "2016.12.16"]
[Round "11"]
[White "Rozhko, Dmitry"]
[Black "Dzhumagaliev, Yan"]
[Result "0-1"]
[WhiteElo "2324"]
[BlackElo "2400"]
[PlyCount "94"]
[EventDate "2016.12.15"]
[EventType "swiss (rapid)"]
[EventRounds "11"]
[EventCountry "EST"]
[SourceTitle "CBM 176 Extra"]
[Source "ChessBase"]
[SourceDate "2017.03.02"]
[SourceVersion "1"]
[SourceVersionDate "2017.03.02"]
[SourceQuality "1"]

1. d4 Nf6 2. Nf3 e6 3. Bf4 c5 4. e3 Nc6 5. c3 Qb6 6. Qb3 d5 7. h3 c4 8. Qc2 Be7 9. Nbd2 0-0 10. Be2 Bd7 11. 0-0 Rac8 12. Ne5 Nxe5 13. Bxe5 Bc6 14. b3 cxb3 15. axb3 a6 16. c4 Nd7 17. c5 Qd8 18. Bg3 f5 19. f4 Qe8 20. b4 Nb8 21. Nb3 Bb5 22. Na5 b6 23. Nb3 Nc6 24. Bxb5 axb5 25. Be1 g5 26. Qe2 gxf4 27. exf4 Bf6 28. Bc3 bxc5 29. bxc5 b4 30. Bb2 Bg7 31. Ra6 Rf6 32. Rfa1 Rg6 33. Qe3 Qe7 34. Kh2 Bh6 35. Na5 Nd8 36. g3 Bg7 37. Qd3 h5 38. h4 Kh7 39. Re1 Qf7 40. Qb5 Rc7 41. Qxb4 Bf6 42. Qd2 Qg8 43. Re2 Rxg3 44. Rg2 Rcg7 45. Rxg3 Rxg3 46. Ra7+ Kh6 47. c6 Qg4 0-1

[Event "EU-ch rapid"]
[Site "Tallinn"]
[Date "2016.12.16"]
[Round "8"]
[White "Ruck, Robert"]
[Black "Rozhko, Dmitry"]
[Result "1-0"]
[WhiteElo "2561"]
[BlackElo "2324"]
[PlyCount "87"]
[EventDate "2016.12.15"]
[EventType "swiss (rapid)"]
[EventRounds "11"]
[EventCountry "EST"]
[SourceTitle "CBM 176 Extra"]
[Source "ChessBase"]
[SourceDate "2017.03.02"]
[SourceVersion "1"]
[SourceVersionDate "2017.03.02"]
[SourceQuality "1"]

1. Nf3 d5 2. d4 Bf5 3. c4 e6 4. Nc3 Bb4 5. Bg5 Ne7 6. e3 0-0 7. Be2 Nbc6 8. 0-0 Qd7 9. Na4 dxc4 10. Bxc4 Ng6 11. Rc1 h6 12. Bh4 Nxh4 13. Nxh4 Be4 14. Be2 Rad8 15. a3 Bd6 16. Nc3 Bh7 17. Bb5 a6 18. Ba4 b5 19. Bc2 Bxc2 20. Qxc2 Ne7 21. Ne4 c6 22. Nf3 a5 23. Rfd1 Bb8 24. a4 Qd5 25. Ra1 b4 26. Rac1 Qh5 27. Ng3 Qd5 28. Qe2 Qb3 29. Qc4 Qxb2 30. Rd2 Qa3 31. Ra2 Bd6 32. Rxa3 bxa3 33. Ne4 Bb4 34. Ne5 Rc8 35. Nc5 Nd5 36. g3 Nb6 37. Qa2 Rfd8 38. Ncd3 Rd6 39. Qb3 Nd5 40. Nc4 Rdd8 41. Nxa3 Rb8 42. Nxb4 Rxb4 43. Qc2 Rdb8 44. Nc4 1-0

[Event "EU-ch rapid"]
[Site "Tallinn"]
[Date "2016.12.15"]
[Round "3"]
[White "Rozhko, Dmitry"]
[Black "Kobalia, Mihail"]
[Result "0-1"]
[WhiteElo "2324"]
[BlackElo "2628"]
[PlyCount "170"]
[EventDate "2016.12.15"]
[EventType "swiss (rapid)"]
[EventRounds "11"]
[EventCountry "EST"]
[SourceTitle "CBM 176 Extra"]
[Source "ChessBase"]
[SourceDate "2017.03.02"]
[SourceVersion "1"]
[SourceVersionDate "2017.03.02"]
[SourceQuality "1"]

1. d4 f5 2. g3 Nf6 3. Bg2 g6 4. Nf3 Bg7 5. 0-0 0-0 6. Nbd2 d6 7. Re1 d5 8. Ne5 c6 9. c4 Be6 10. c5 Nbd7 11. Nd3 Ne4 12. e3 Kh8 13. f3 Nef6 14. b4 a5 15. Qb3 axb4 16. Qxb4 Qc7 17. a4 g5 18. a5 Bg8 19. Bb2 g4 20. f4 Ne4 21. Nb3 h5 22. Ne5 Nxe5 23. dxe5 h4 24. Bxe4 dxe4 25. Nd4 Bd5 26. Bc3 e6 27. Reb1 Rf7 28. Qb6 Qc8 29. gxh4 Bf8 30. Ne2 Rd7 31. Bd4 Be7 32. h5 Bc4 33. Qb2 Qc7 34. Ng3 Kh7 35. Qc3 Ba6 36. Kg2 Qd8 37. Rc1 Qf8 38. Ra2 Rd5 39. Rac2 Bb5 40. Qe1 Bd8 41. Ra1 Be7 42. Qc3 Bd3 43. Rcc1 Bd8 44. Ra2 Bc7 45. Raa1 Qd8 46. Qb4 Bb5 47. Rc2 Rxa5 48. Rca2 Ra6 49. Rxa6 bxa6 50. h3 Qh4 51. hxg4 Qxg4 52. Qd2 Qf3+ 53. Kh2 Rd8 54. Qg2 Rg8 55. Qxf3 exf3 56. Ra2 Bc4 57. Rf2 Bd5 58. Nf1 Bd8 59. Nd2 Bh4 60. Rxf3 Be1 61. e4 fxe4 62. Nxe4 Bxe4 63. Re3 Bf5 64. Rxe1 Rd8 65. Be3 Rd3 66. Kg3 a5 67. Kf2 a4 68. Ra1 a3 69. Ke2 Rc3 70. Ra2 Bb1 71. Rd2 Be4 72. Rd7+ Kg8 73. Bd2 Rh3 74. Ra7 Bd5 75. f5 exf5 76. h6 Rh2+ 77. Kd3 a2 78. Bg5 Rh1 79. Ra8+ Kf7 80. h7 Rxh7 81. Be3 Rh3 82. Kd2 Bc4 83. Kc3 Rh1 84. Kxc4 a1Q 85. Rxa1 Rxa1 0-1

[Event "RUS-chT blitz"]
[Site "Sochi"]
[Date "2016.10.07"]
[Round "1.2"]
[White "Rozhko, Dmitry"]
[Black "Timofeev, Artyom"]
[Result "1/2-1/2"]
[WhiteElo "2324"]
[BlackElo "2601"]
[PlyCount "67"]
[EventDate "2016.10.07"]
[EventType "team-swiss (blitz)"]
[EventRounds "15"]
[EventCountry "RUS"]
[SourceTitle "EXT 2017"]
[Source "ChessBase"]
[SourceDate "2016.10.25"]
[SourceVersion "1"]
[SourceVersionDate "2016.10.25"]
[SourceQuality "1"]
[WhiteTeam "Stavropol Region"]
[BlackTeam "Tatarstan Ladya"]
[WhiteTeamCountry "RUS"]
[BlackTeamCountry "RUS"]

1. d4 d5 2. Bf4 e6 3. e3 c5 4. c3 Nc6 5. Nd2 Bd6 6. Ngf3 Bxf4 7. exf4 cxd4 8. Nxd4 Nf6 9. N2f3 Qb6 10. Qb3 Qc7 11. g3 0-0 12. Bg2 Na5 13. Qc2 Nc4 14. 0-0 Bd7 15. Rfe1 Ne4 16. Ne5 Ned6 17. Nxc4 Nxc4 18. Bf1 Rac8 19. Bxc4 Qxc4 20. Qe2 Rfe8 21. Qxc4 Rxc4 22. Re2 g6 23. Rae1 Kf8 24. f3 b5 25. a3 a5 26. Nc2 h6 27. h4 Kg7 28. Kf2 Kf8 29. Rd2 Rcc8 30. g4 Kg7 31. Re5 Red8 32. Rd4 Rh8 33. Re1 Rb8 34. Kg3 1/2-1/2

[Event "RUS-ch blitz"]
[Site "Sochi"]
[Date "2016.10.04"]
[Round "1.3"]
[White "Vitiugov, Nikita"]
[Black "Rozhko, Dmitry"]
[Result "1-0"]
[WhiteElo "2721"]
[BlackElo "2324"]
[PlyCount "69"]
[EventDate "2016.10.04"]
[EventType "swiss (blitz)"]
[EventRounds "22"]
[EventCountry "RUS"]
[SourceTitle "EXT 2017"]
[Source "ChessBase"]
[SourceDate "2016.10.25"]
[SourceVersion "1"]
[SourceVersionDate "2016.10.25"]
[SourceQuality "1"]

1. d4 d5 2. c4 c6 3. Nf3 Nf6 4. Nc3 g6 5. cxd5 cxd5 6. Bf4 Bg7 7. e3 0-0 8. h3 Qb6 9. Qb3 Qxb3 10. axb3 Nc6 11. Bb5 Bd7 12. Ne5 Nxe5 13. dxe5 Bxb5 14. exf6 Bxf6 15. Nxb5 Bxb2 16. Ra2 Bf6 17. Ke2 e5 18. Bh6 Rfc8 19. Rd1 Rc5 20. Rxa7 Rxa7 21. Nxa7 d4 22. exd4 exd4 23. b4 Rc4 24. Bd2 Be7 25. Kd3 Rc7 26. Nb5 Rd7 27. Rc1 Rd5 28. Nxd4 Bf6 29. Be3 g5 30. Rc5 Rd8 31. Kc4 h6 32. Nf5 Kh7 33. Bd4 Bxd4 34. Nxd4 Kg6 35. Rc7 1-0

[Event "RUS-chT2"]
[Site "Sochi"]
[Date "2016.05.09"]
[Round "8.4"]
[White "Shariyazdanov, Andrey"]
[Black "Rozhko, Dmitry"]
[Result "1-0"]
[WhiteElo "2527"]
[BlackElo "2298"]
[PlyCount "67"]
[EventDate "2016.05.01"]
[EventType "team-swiss"]
[EventRounds "9"]
[EventCountry "RUS"]
[SourceTitle "CBM 172 Extra"]
[Source "ChessBase"]
[SourceDate "2016.06.21"]
[SourceVersion "1"]
[SourceVersionDate "2016.06.21"]
[SourceQuality "1"]
[WhiteTeam "Yekaterinburg Malachite"]
[BlackTeam "Stavropol Region"]
[WhiteTeamCountry "RUS"]
[BlackTeamCountry "RUS"]

1. Nf3 d5 2. e3 Nf6 3. c4 c6 4. Nc3 g6 5. d4 Bg7 6. h3 0-0 7. Bd3 c5 8. 0-0 cxd4 9. exd4 Nc6 10. a3 dxc4 11. Bxc4 Ne8 12. d5 Nd6 13. Bd3 Ne5 14. Nxe5 Bxe5 15. Bg5 Bf5 16. Re1 f6 17. Be3 Rc8 18. Rc1 Bxd3 19. Qxd3 Nc4 20. Bh6 Re8 21. Nb5 Nd6 22. Be3 Bxb2 23. Rxc8 Qxc8 24. Nxd6 exd6 25. Rb1 Be5 26. Bxa7 Qa8 27. Be3 Rc8 28. Qb5 Rc7 29. f4 Bc3 30. Kh2 f5 31. Rc1 Kf7 32. Rxc3 Rxc3 33. Qd7+ Kf8 34. Qxd6+ 1-0